Formulación de un producto colorante, a nivel de laboratorio, con una presentación líquida utilizando el extracto de la Bixa orellana (achiote) y evaluación de su estabilidad o vida de anaquel
Kaydedildi:
| Yazar: | |
|---|---|
| Materyal Türü: | Kitap |
| Baskı/Yayın Bilgisi: |
San José, C.R.
2004
|
| Konular: | |
| Etiketler: |
Etiketle
Etiket eklenmemiş, İlk siz ekleyin!
|
MARC
| LEADER | 00000nam a2200000Ia 4500 | ||
|---|---|---|---|
| 003 | 009516 | ||
| 005 | 20221231144131.0 | ||
| 008 | 140114s2004 cr a m 000 ||s d | ||
| 040 | |c cru CEDI | ||
| 090 | |a TFG 5056 | ||
| 100 | |a Díaz Umaña, Johanna |9 6038 | ||
| 245 | |a Formulación de un producto colorante, a nivel de laboratorio, con una presentación líquida utilizando el extracto de la Bixa orellana (achiote) y evaluación de su estabilidad o vida de anaquel | ||
| 260 | |c 2004 |a San José, C.R. | ||
| 300 | |a xv, 122 hojas : ilustraciones (algunas a color) | ||
| 500 | |a Proyecto de graduación (licenciatura en ingeniería química)--Universidad de Costa Rica. Facultad de Ingeniería. Escuela de Ingeniería Química | ||
| 650 | |x ACHIOTE |x INDUSTRIA Y COMERCIO |x COLORANTES |9 6039 | ||
| 942 | |c TFG | ||
| 999 | |c 17367 |d 17367 | ||
